Handbook of information management
Saved in:
| Main Author: | |
|---|---|
| Format: | Book |
| Published: |
2008
|
| Tags: |
Add Tag
No Tags, Be the first to tag this record!
|
| Call Number : |
MARC
| LEADER | 00000pam a2200000 4500 | ||
|---|---|---|---|
| 001 | 28136 | ||
| 003 | MY-KLNDU | ||
| 005 | 20241218082457.0 | ||
| 020 | 0 | 0 | |a 9781857434927 |
| 035 | |a 0000035528 | ||
| 039 | 9 | |a 200911181207 |b VLOAD |y 200910091804 |z VLOAD | |
| 100 | 0 | 0 | |a Europa Publications |
| 245 | 0 | 0 | |a Handbook of information management |
| 260 | 0 | 0 | |a 2008 |
| 591 | |a 0000006196 |b 22/11/08 |c 0198-07 |d 1 |e RM462 |f 1 |g 462 |h INTRABAKTI SD.BHD. | ||
| 999 | |a vtls000037447 |c 28136 |d 28136 | ||


